| 000 | 00845 a2200169 4500 | ||
|---|---|---|---|
| 003 | Nust | ||
| 005 | 20221208114920.0 | ||
| 040 | _cNust | ||
| 082 | _a621.382,MIC | ||
| 100 |
_aMitel Semiconductor _9104440 |
||
| 245 |
_aMicroelectronics Digital/Analog Communications Handbook / _cMitel Semiconductor |
||
| 260 |
_aCanada _bMitel Semiconductor _c1993 |
||
| 300 | _a1215,various paging | ||
| 505 | _aIntroduction (Page-1), Digital Switches (Page-2), Primary Rate Interfaces (Page-3), Basic Rate Interface (Page-4), Codecs and Digital Phone Components (Page-5),Timing & Control Product (Page-6), Analog Switches (Page-7), DTMF & Signaling Components (Page-8), Line & Trunk Interface (Page-9), Custom Hybrid Services (Page-10), Custom Warfare Fabrication Services (Page-11), | ||
| 650 |
_aTelecommunications engineering. _958485 |
||
| 942 |
_2ddc _cBK |
||
| 999 |
_c190648 _d190648 |
||